Normal view
MARC view
- عبدالله، خبابه
Entry Personal Name
001 - CONTROL NUMBER
- control field: 44265
003 - CONTROL NUMBER IDENTIFIER
- control field: JO-AjAnu
005 - DATE AND TIME OF LATEST TRANSACTION
- control field: 20230606081330.0
008 - FIXED-LENGTH DATA ELEMENTS
- fixed length control field: 230606|| aca||aabn | a|a d
040 ## - CATALOGING SOURCE
- Original cataloging agency: JO-AjAnu
- Transcribing agency: JO-AjAnu
100 ## - HEADING--PERSONAL NAME
- Personal name: عبدالله، خبابه
670 ## - SOURCE DATA FOUND
- Source citation: Work cat.: (JO-AjAnu)22667: عبدالله، خبابه, author, الاقتصاد المصرفي: النقود- البنوك التجارية - البنوك الاسلامية - السياسة النقدية - الاسواق المالية - الازمة المالية